Weezer - Blue Album Songs - Statistics

General Stats
  • This quiz has been taken 233 times
  • The average score is 8 of 10
Answer Stats
Spotify Listens Song % Correct
433,472,230 Buddy Holly
99%
185,246,874 Undone - The Sweater Song
93%
526,242,961 Say It Ain't So
88%
88,213,743 My Name Is Jonas
84%
24,254,320 Surf Wax America
83%
27,313,064 In The Garage
80%
21,498,621 Holiday
77%
34,861,457 Only In Dreams
75%
31,160,802 The World Has Turned And Left Me Here
74%
22,623,037 No One Else
69%
No matching quizzes found
Score Distribution
Percent of People with Each Score
Percentile by Number Answered
Your Score History
You have not taken this quiz